Boston Celtics Roster 25-26 - Statistics

General Stats
  • This quiz has been taken 53 times
  • The average score is 11 of 15
Answer Stats
Hint Answer % Correct
9 Derrick White
100%
7 Jaylen Brown
100%
0 Jayson Tatum
100%
11 Payton Pritchard
100%
88 Neemias Queta
95%
52 Luka Garza
88%
30 Sam Hauser
80%
55 Baylor Scheierman
76%
13 Ron Harper Jr
71%
28 Hugo Gonzalez
68%
27 Jordan Walsh
68%
4 Nikola Vucevic
68%
77 Amari Williams
63%
44 Max Shulga
46%
No number John Tonje
24%
No matching quizzes found
Score Distribution
Percent of People with Each Score
Percentile by Number Answered
Your Score History
You have not taken this quiz